Plants that belong to amaryllis family (Amaryllidaceae) - sudden death - Statistics

General Stats
  • This quiz has been taken 26 times
  • The average score is 5 of 11
Answers on the Grid
Answers color-coded by a green-red scale on the quiz's grid according to % correct below.
Garlic
Carrot
Common primrose
Common onion
Lily of the Nile
Asparagus
Houseleek
Common snowdrop
Lettuce
Saffron crocus
Poet's daffodil
Pea
Lily-of-the-valley
Steinbergia
Black pepper
Tulip
Chives
Siberian iris
Oriental garlic
Broccoli
Bear's garlic
Money plant (Crassula)
Amaryllis
White lily
Potato
Ophrys
Cumin
Leek
 
Answer Stats
Answer % Correct
Garlic
100%
Common onion
82%
Chives
55%
Bear's garlic
45%
Leek
45%
Oriental garlic
45%
Amaryllis
36%
Common snowdrop
18%
Poet's daffodil
18%
Steinbergia
9%
Lily of the Nile
9%
No matching quizzes found
Score Distribution
Percent of People with Each Score
Percentile by Number Answered
Your Score History
You have not taken this quiz